| 000 | 00505nam a22001811a 4500 | ||
|---|---|---|---|
| 001 | 5403 | ||
| 003 | OSt | ||
| 005 | 20260204212013.0 | ||
| 008 | 060119s1983||||dr ||||||b||||||||||spa|| | ||
| 050 | _aRD 860.7293 V663f | ||
| 100 | _aVicioso, Abelardo | ||
| 245 | _aEl freno hatero en la literatura dominicano / Abelardo Vicioso | ||
| 264 | _aSanto Domingo : UASD | ||
| 300 | _a579 p | ||
| 490 | _aColección educación y sociedad 21 | ||
| 650 | _a1.Literatura - República DominicanaÌ | ||
| 942 |
_2ddc _cBK |
||
| 999 |
_c5403 _d5403 |
||